000 00448nam a22001697a 4500
003 NUST - PNEC
005 20170116180937.0
008 150906b xxu||||| |||| 00| 0 eng d
020 _a0333728017
040 _cLIBRARY
082 _a621.3813 PEN
100 _98597
_aPennock, S. R.
245 _aMicrowave engineering with wireless applications
_cS. R. Pennock
260 _cc.1998
650 _98600
_aMicrowave devices
_xEE
942 _2ddc
_cBK
999 _c66086
_d66086